| 000 | 00726nam a22001937a 4500 | ||
|---|---|---|---|
| 999 |
_c15241 _d15241 |
||
| 003 | OSt | ||
| 082 | _2631.56 MAN/DA | ||
| 088 | _aP 92 | ||
| 100 |
_aMANOJKUMAR K _94002 |
||
| 245 | _aDatabase management system of agro - based industries of Thrissur district | ||
| 260 |
_aTavanur 1999 _bDepartment of Post-Harvest Technology and Agricultural Processing |
||
| 300 | _a25 | ||
| 500 | _aDatabase management system of agro - based industries of Thrissur district | ||
| 520 | _aDatabase management system of agro - based industries of Thrissur district | ||
| 700 |
_aPramod A. P _94003 |
||
| 700 |
_aDr. V. Ganesan (Guide) _93423 |
||
| 856 | _uhttps://drive.google.com/open?id=17FUQXpahdzyu7p2YLIDaR9rdYXt_j3Av | ||
| 942 | _cPR | ||